[Event "4NCL/Div3/GUI3 vs. PPA2"]
[Site "West Bromwich ENG"]
[Date "2003.05.25"]
[Round "10.2"]
[White "Waddington, Michael P"]
[Black "Norman, Kenneth I"]
[Result "0-1"]
[WhiteElo "2184"]
[BlackElo "2141"]
[PlyCount "108"]
[EventDate "2003.05.25"]

1. Nc3 Nf6 2. e4 e5 3. f4 d5 4. fxe5 Nxe4 5. Nf3 Be7 6. d3 Nc5 7. Be2 Nc6 8.
O-O O-O 9. d4 Ne4 10. Bd3 f5 11. Ne2 Nb4 12. Bb5 c6 13. Ba4 Na6 14. c3 Nc7 15.
Bb3 b5 16. a3 g5 17. Ng3 Be6 18. Ne1 Qd7 19. Qe2 Rf7 20. Nd3 Raf8 21. a4 a6 22.
axb5 axb5 23. Bd2 Nxd2 24. Qxd2 f4 25. Nh1 Bf5 26. Nhf2 Ne6 27. Ra6 Bg6 28.
Rfa1 h5 29. Bc2 Kg7 30. Ra7 Qd8 31. b4 g4 32. Nc5 Bxc5 33. bxc5 Bxc2 34. Qxc2
Qg5 35. Qd3 Kg8 36. Rxf7 Rxf7 37. Ra8+ Kg7 38. Ra1 f3 39. g3 h4 40. Kf1 hxg3
41. hxg3 Qh5 42. Kg1 Ng5 43. Qc2 Ne4 44. e6 Nxf2 45. Qxf2 Re7 46. Re1 Qh6 47.
Re5 Rxe6 48. Qe1 Kf7 49. Rf5+ Rf6 50. Rxf6+ Qxf6 51. Qe3 Qf5 52. Qd2 Qe4 53.
Kf1 Kg6 54. Kg1 Qe2 0-1

[Event "4NCL/Div3/GUI3 vs. PPA2"]
[Site "West Bromwich ENG"]
[Date "2003.05.25"]
[Round "10.3"]
[White "Punnett, Alan K"]
[Black "Dignam, Matthew"]
[Result "0-1"]
[WhiteElo "2129"]
[BlackElo "2093"]
[PlyCount "96"]
[EventDate "2003.05.25"]

1. e4 d6 2. d4 Nf6 3. Nc3 c6 4. f4 Qa5 5. Bd2 e5 6. Nf3 exd4 7. Nxd4 Qb6 8. Nb3
a5 9. Be2 a4 10. Nc1 g6 11. Nd3 Bg7 12. Bf3 O-O 13. Qe2 Re8 14. h3 a3 15. Rb1
Nd5 16. Nxd5 cxd5 17. Be3 Bc3+ 18. Kf2 Bd4 19. e5 dxe5 20. fxe5 Nc6 21. bxa3
Bxe3+ 22. Qxe3 Qxe3+ 23. Kxe3 Rxa3 24. Kd2 Nxe5 25. Bxd5 Nxd3 26. cxd3 Be6 27.
Rhe1 Rd8 28. Bxe6 Raxd3+ 29. Ke2 fxe6 30. Rxb7 Rd2+ 31. Kf3 Rf8+ 32. Kg3 Rff2
33. Rc1 Rxg2+ 34. Kf4 Rdf2+ 35. Ke5 Rf7 36. Rxf7 Kxf7 37. Rc7+ Kg8 38. a4 Rg3
39. a5 Rg5+ 40. Kxe6 Rxa5 41. Rc4 Rf5 42. h4 Kg7 43. Rc7+ Kh6 44. Rc4 Kh5 45.
Rb4 Rf3 46. Rb7 h6 47. Rb4 Rh3 48. Kf6 Rxh4 0-1

[Event "4NCL/Div3/GUI3 vs. PPA2"]
[Site "West Bromwich ENG"]
[Date "2003.05.25"]
[Round "10.4"]
[White "Young, Craig A"]
[Black "Shepley, Julien M"]
[Result "1-0"]
[WhiteElo "2090"]
[BlackElo "2131"]
[PlyCount "109"]
[EventDate "2003.05.25"]

1. d4 d5 2. c4 e6 3. Nc3 c5 4. cxd5 cxd4 5. Qa4+ Bd7 6. Qxd4 exd5 7. Qxd5 Nc6
8. e3 Nf6 9. Qd1 Bc5 10. Nf3 Qe7 11. Be2 g5 12. a3 g4 13. Nd4 O-O-O 14. b4 Bb6
15. O-O Qe5 16. Nxc6 Bxc6 17. Qc2 Bc7 18. g3 h5 19. b5 Bf3 20. b6 axb6 21. Bb2
Bc6 22. Nb5 Qg5 23. Na7+ Kb8 24. Nxc6+ bxc6 25. Qxc6 Rd6 26. Qc4 Rh7 27. Rfd1
Nd5 28. Rd3 h4 29. Qxg4 Qxg4 30. Bxg4 hxg3 31. hxg3 Ne7 32. Rxd6 Bxd6 33. Rd1
Kc7 34. Rc1+ Kb7 35. Kg2 f5 36. Bf3+ Ka6 37. Rh1 Rxh1 38. Kxh1 Kb5 39. Bd1 Kc4
40. Bc2 b5 41. Kg2 Nd5 42. Bxf5 Kb3 43. Be6 Kxb2 44. Bxd5 Kxa3 45. Kf3 b4 46.
Ke4 b3 47. Bxb3 Kxb3 48. f4 Kc4 49. g4 Kc5 50. Kf5 Kd5 51. e4+ Kc6 52. e5 Bf8
53. Ke6 Kc7 54. g5 Kd8 55. Kf7 1-0

[Event "4NCL/Div3/GUI3 vs. PPA2"]
[Site "West Bromwich ENG"]
[Date "2003.05.25"]
[Round "10.5"]
[White "Lang, Heather"]
[Black "Sayers, Raymond"]
[Result "1/2-1/2"]
[WhiteElo "2069"]
[BlackElo "2145"]
[PlyCount "54"]
[EventDate "2003.05.25"]

1. e4 c5 2. Nc3 Nc6 3. g3 g6 4. Bg2 Bg7 5. d3 Rb8 6. Be3 d6 7. Qd2 b5 8. Nge2
b4 9. Nd1 Bd7 10. d4 cxd4 11. Nxd4 Ne5 12. O-O Nc4 13. Qd3 Nxe3 14. Qxe3 Qb6
15. c3 bxc3 16. bxc3 h5 17. f4 Nh6 18. Nf2 Ng4 19. Nxg4 hxg4 20. e5 dxe5 21.
fxe5 Rh5 22. e6 fxe6 23. Be4 e5 24. Rab1 exd4 25. Rxb6 Rxb6 26. cxd4 Ra5 27.
Qd3 Rxa2 1/2-1/2

[Event "4NCL/Div3/GUI3 vs. PPA2"]
[Site "West Bromwich ENG"]
[Date "2003.05.25"]
[Round "10.6"]
[White "Goodger, Martyn"]
[Black "Hill, David F"]
[Result "1/2-1/2"]
[WhiteElo "2109"]
[BlackElo "2066"]
[PlyCount "57"]
[EventDate "2003.05.25"]

1. e4 d6 2. d4 g6 3. Nc3 Bg7 4. Be3 a6 5. Qd2 Nd7 6. f3 b5 7. a4 b4 8. Nd1 Rb8
9. c3 bxc3 10. bxc3 c5 11. Bd3 Qa5 12. Ne2 Ngf6 13. O-O O-O 14. Qa2 cxd4 15.
cxd4 e5 16. Bd2 Qd8 17. d5 Nc5 18. Bc4 Bd7 19. a5 Bb5 20. Bxb5 Rxb5 21. Ndc3
Rb8 22. Rab1 Nfd7 23. Rxb8 Qxb8 24. Rb1 Qa7 25. Be3 Bh6 26. Bf2 Qc7 27. Kh1 Bg5
28. Bg1 Ra8 29. Nd1 1/2-1/2

[Event "4NCL/Div3/GUI3 vs. PPA2"]
[Site "West Bromwich ENG"]
[Date "2003.05.25"]
[Round "10.7"]
[White "Allinson, Julian"]
[Black "Retallick, Lloyd"]
[Result "1-0"]
[WhiteElo "1880"]
[BlackElo "1856"]
[PlyCount "65"]
[EventDate "2003.05.25"]

1. d4 d5 2. c4 e6 3. Nf3 Nf6 4. g3 dxc4 5. Bg2 b5 6. O-O Bb7 7. a4 a6 8. b3
cxb3 9. axb5 axb5 10. Rxa8 Bxa8 11. Qxb3 Qd5 12. Qb2 Qb7 13. Bf4 Bd6 14. Bxd6
cxd6 15. Na3 b4 16. Nc4 Ke7 17. Ne1 Nc6 18. Nd3 Qb5 19. Na3 Qb6 20. Nc2 b3 21.
d5 Na5 22. Ne3 Rc8 23. Ra1 Bxd5 24. Bxd5 exd5 25. Qxf6+ Kf8 26. Nxd5 Qc6 27.
Qe7+ Kg8 28. Rxa5 h6 29. Qe4 Qc2 30. Ne7+ Kf8 31. Nxc8 b2 32. Qe7+ Kg8 33. Nxb2
1-0

[Event "4NCL/Div3/GUI3 vs. PPA2"]
[Site "West Bromwich ENG"]
[Date "2003.05.25"]
[Round "10.8"]
[White "Smith, Robyn"]
[Black "Stimpson, Philip M"]
[Result "1-0"]
[WhiteElo "1448"]
[BlackElo "1944"]
[PlyCount "117"]
[EventDate "2003.05.25"]

1. e4 d5 2. exd5 Nf6 3. Nc3 Nxd5 4. Bc4 Nb6 5. Bb3 Bf5 6. Qf3 Qc8 7. Nge2 Nc6
8. d3 e6 9. Bf4 Bd6 10. Bxd6 cxd6 11. Nb5 Qd7 12. Qg3 O-O-O 13. Qxg7 Rhg8 14.
Qc3 Kb8 15. Rg1 Rg5 16. Nbd4 Rdg8 17. Nxf5 Rxf5 18. f4 Qe7 19. O-O-O Qh4 20. h3
Qf2 21. g4 Qxe2 22. Rge1 Qf2 23. gxf5 Qxf4+ 24. Qd2 Qxf5 25. Qh6 Nd4 26. Rf1
Qa5 27. Kb1 Rc8 28. Qf4 Qc5 29. Rd2 a5 30. Rc1 a4 31. Bc4 e5 32. Qxf7 d5 33. c3
Nc6 34. Bxd5 Nxd5 35. c4 Nf4 36. Qxh7 Qd4 37. Qe4 Nxh3 38. Qxd4 Nxd4 39. Rh1
Nf4 40. Rdd1 Ka7 41. Rhe1 Rc5 42. Re4 Kb6 43. Kc1 Kc6 44. Kd2 Kd6 45. Rf1 Nde6
46. Rh1 Rc7 47. Rh6 Rf7 48. Kc3 Rg7 49. b3 axb3 50. axb3 Rg3 51. Re1 Nxd3 52.
Rd1 e4 53. Rh4 Kc5 54. Rh5+ Ng5 55. Kc2 Kb4 56. Rh6 Nc5 57. Rb6+ Ka5 58. Rb5+
Ka6 59. Ra1+ 1-0

[Event "4NCL/Div3/BRI2 vs. MKE"]
[Site "West Bromwich ENG"]
[Date "2003.05.25"]
[Round "10.1"]
[White "Rudd, Jack"]
[Black "Smith, Graham M"]
[Result "1-0"]
[WhiteElo "2171"]
[BlackElo "2118"]
[PlyCount "99"]
[EventDate "2003.05.25"]

1. d4 d6 2. e4 Nf6 3. f3 e5 4. Ne2 Nbd7 5. c4 c6 6. Nbc3 a6 7. Be3 Be7 8. d5
O-O 9. Qd2 Qc7 10. Ng3 Re8 11. Be2 Rb8 12. O-O c5 13. a3 Nf8 14. b4 b6 15. Rab1
Bd7 16. Rfc1 Rec8 17. Nh1 h6 18. Nf2 N6h7 19. g3 Bg5 20. f4 exf4 21. gxf4 Bf6
22. Nd3 Ng6 23. Nd1 Re8 {=} 24. N1f2 a5 25. bxc5 bxc5 26. Rxb8 Rxb8 27. f5 Ne5
28. Nxe5 Bxe5 29. Ng4 Rb2 30. Qe1 Nf6 31. Nxe5 dxe5 32. Bf3 Kf8 33. Qc3 Rb8 34.
Bf2 a4 35. Qe3 Rc8 36. Rb1 Ne8 37. Kh1 f6 38. Be2 Nd6 39. Bd3 Nb7 40. Bh4 Be8
41. Be2 Na5 42. Rg1 Qb6 43. Bf2 Nb3 44. Qg3 Rc7 45. Be3 Nd4 46. Bd1 Qd6 47.
Bxh6 gxh6 48. Qg8+ Ke7 49. Bh5 Qd8 50. d6+ 1-0

[Event "4NCL/Div3/BRI2 vs. MKE"]
[Site "West Bromwich ENG"]
[Date "2003.05.25"]
[Round "10.2"]
[White "Freeman, Richard CP"]
[Black "Dilleigh, Stephen P"]
[Result "1-0"]
[WhiteElo "2066"]
[BlackElo "2158"]
[PlyCount "55"]
[EventDate "2003.05.25"]

1. e4 d6 2. Nc3 g6 3. f4 Bg7 4. Nf3 c5 5. Bc4 Nc6 6. O-O e6 7. d3 Nge7 8. Qe1
O-O 9. f5 exf5 10. Qh4 d5 11. exd5 Na5 12. Bh6 Nxc4 13. dxc4 f6 14. Bxg7 Kxg7
15. Rad1 Bd7 16. Rfe1 g5 17. Qf2 b6 18. d6 Ng6 19. Nd5 Rf7 20. g3 Qf8 21. Ne7
Rd8 22. b4 cxb4 23. Nd4 Kh8 24. Ne6 Qg8 25. Nxd8 Qxd8 26. Nxf5 Ne5 27. Nh6 Rf8
28. Rxe5 1-0

[Event "4NCL/Div3/BRI2 vs. MKE"]
[Site "West Bromwich ENG"]
[Date "2003.05.25"]
[Round "10.3"]
[White "Easton, Alex"]
[Black "Ioannides, Milton"]
[Result "1-0"]
[WhiteElo "2123"]
[BlackElo "2096"]
[PlyCount "73"]
[EventDate "2003.05.25"]

1. Nf3 d5 2. c4 e6 3. d4 Nf6 4. Bg5 Be7 5. e3 O-O 6. Nc3 c6 7. Bd3 Nbd7 8. O-O
Re8 9. Qc2 h6 10. Bh4 dxc4 11. Bxc4 b5 12. Bd3 Bb7 13. Bxf6 Nxf6 14. Ne4 Nxe4
15. Bxe4 Bd6 16. Rac1 Rc8 17. Rfd1 Qc7 18. Qb3 a6 19. h3 Kh8 20. a4 b4 21. Nd2
c5 22. dxc5 Bxc5 23. Rxc5 Qxc5 24. Bxb7 Rcd8 25. Bxa6 Rd6 26. Ne4 Rxd1+ 27.
Qxd1 Qe5 28. Qd7 Rf8 29. Nd6 Qxb2 30. Nxf7+ Kg8 31. Qxe6 Rxf7 32. Bc4 Qxf2+ 33.
Kh2 Kf8 34. Qc8+ Ke7 35. Qc7+ Ke8 36. Bb5+ Rd7 37. Qxd7+ 1-0

[Event "4NCL/Div3/BRI2 vs. MKE"]
[Site "West Bromwich ENG"]
[Date "2003.05.25"]
[Round "10.4"]
[White "Elwin, Adrian G"]
[Black "Boyce, G Michael"]
[Result "1-0"]
[WhiteElo "2031"]
[BlackElo "2008"]
[PlyCount "69"]
[EventDate "2003.05.25"]

1. Nf3 c5 2. c4 g6 3. Nc3 Bg7 4. d4 cxd4 5. Nxd4 Nc6 6. Nxc6 bxc6 7. e4 d6 8.
Bd3 Nf6 9. O-O O-O 10. h3 Nd7 11. Be3 Ne5 12. Be2 Be6 13. Qa4 c5 14. f4 Bd7 15.
Qd1 Nc6 16. Bf3 Nd4 17. e5 Nxf3+ 18. Qxf3 dxe5 19. fxe5 Bxe5 20. Bxc5 Rc8 21.
b4 Bc6 22. Qe3 Qc7 23. Rae1 f6 24. Ne2 Rfd8 25. Nd4 Bxd4 26. Bxd4 e5 27. Bxa7
Qb7 28. Bc5 Bxg2 29. Rf2 Rxc5 30. bxc5 Bc6 31. Rxf6 e4 32. Ref1 Rd3 33. Qh6
Rg3+ 34. Kh2 Rf3 35. R1xf3 1-0

[Event "4NCL/Div3/BRI2 vs. MKE"]
[Site "West Bromwich ENG"]
[Date "2003.05.25"]
[Round "10.5"]
[White "Hardy, Roger"]
[Black "Valentine, Brian J"]
[Result "1/2-1/2"]
[WhiteElo "2022"]
[BlackElo "1968"]
[PlyCount "51"]
[EventDate "2003.05.25"]

1. e4 Nc6 2. Nf3 e5 3. d4 exd4 4. Bc4 Nf6 5. e5 Ne4 6. O-O d5 7. Bb5 Bd7 8.
Bxc6 bxc6 9. Nxd4 Bc5 10. f3 Ng5 11. f4 Ne4 12. Be3 O-O 13. Nd2 Nxd2 14. Qxd2
Qe7 15. Rae1 Bb6 16. f5 Qxe5 17. f6 c5 18. fxg7 Rfe8 19. Nf3 Qh5 20. Bf2 d4 21.
Bg3 Bb5 22. Rxe8+ Rxe8 23. Re1 f6 24. b3 Kxg7 25. a4 Bc6 26. a5 1/2-1/2

[Event "4NCL/Div3/BRI2 vs. MKE"]
[Site "West Bromwich ENG"]
[Date "2003.05.25"]
[Round "10.6"]
[White "Kendall, Paul SW"]
[Black "Humphreys, Jerry"]
[Result "0-1"]
[WhiteElo "1944"]
[BlackElo "2066"]
[PlyCount "74"]
[EventDate "2003.05.25"]

1. e4 c5 2. Nf3 e6 3. d3 Nc6 4. g3 g6 5. Bg2 Bg7 6. O-O Nge7 7. c3 O-O 8. Be3
d6 9. Qd2 Re8 10. Na3 Bd7 11. d4 cxd4 12. Nxd4 Ne5 13. h3 Rc8 14. f4 Nc4 15.
Nxc4 Rxc4 16. f5 exf5 17. exf5 Nxf5 18. Nxf5 Bxf5 19. Bxa7 Qa5 20. Bf2 Be5 21.
Rfe1 Qc7 22. Rad1 Qd7 23. Qd5 Be6 24. Qd3 Rc7 25. Bb6 Bc4 26. Qf3 Rcc8 27. b3
Bb5 28. c4 Bc6 29. Qf2 Re6 30. Rf1 Rce8 31. Bd5 Rf6 32. Qg2 Bxd5 33. cxd5 Qb5
34. Be3 Rxf1+ 35. Rxf1 Qd3 36. Qf3 Re7 37. Rc1 Bc3 0-1

[Event "4NCL/Div3/BRI2 vs. MKE"]
[Site "West Bromwich ENG"]
[Date "2003.05.25"]
[Round "10.7"]
[White "Macarthur, James"]
[Black "Mahony, Richard"]
[Result "0-1"]
[WhiteElo "1440"]
[BlackElo "1856"]
[PlyCount "68"]
[EventDate "2003.05.25"]

1. e4 e6 2. d4 d5 3. e5 c5 4. c3 Nc6 5. Nf3 Qb6 6. Be2 Nh6 7. Qb3 Qxb3 8. axb3
cxd4 9. Bxh6 gxh6 10. cxd4 Bg7 11. Nc3 O-O 12. O-O f6 13. Bb5 fxe5 14. Bxc6
exd4 15. Nxd5 bxc6 16. Ne7+ Kh8 17. Nxc6 Bb7 18. Nxa7 Bxf3 19. gxf3 Rxf3 20.
Nb5 Rb8 21. Nc7 Be5 22. Nxe6 Rfxb3 23. f4 Bf6 24. Rf2 d3 25. Rf3 Re8 26. f5
Rg8+ 27. Kf1 Rxb2 28. Rg3 {=} Rxh2 29. Rxg8+ Kxg8 30. Ra8+ Kf7 31. Ra7+ Be7 32.
Kg1 Rb2 33. Rd7 d2 34. Nd8+ Ke8 0-1

[Event "4NCL/Div3/3CS2 vs. WES2"]
[Site "West Bromwich ENG"]
[Date "2003.05.25"]
[Round "10.1"]
[White "Gordon, Stephen J"]
[Black "Hopkins, Jamie R"]
[Result "1/2-1/2"]
[WhiteElo "2189"]
[BlackElo "2151"]
[PlyCount "70"]
[EventDate "2003.05.25"]

1. c4 e5 2. g3 d5 3. cxd5 Qxd5 4. Nf3 Nc6 5. Nc3 Qd8 6. Bg2 Bc5 7. O-O Nf6 8.
d3 O-O 9. a3 a5 10. Bg5 h6 {=} 11. Bxf6 Qxf6 12. Nd2 Bd4 13. Nb5 Bxb2 14. Rb1
Bd4 15. Nxc7 Rb8 16. e3 Qd8 17. Nb5 Bb6 18. Nc4 Bc7 19. Nxc7 Qxc7 20. Bxc6 bxc6
21. Rxb8 Qxb8 22. Qa4 Qb5 23. Qxa5 e4 24. Qxb5 cxb5 25. Nd6 exd3 {=} 26. Rd1
Ba6 27. e4 Rd8 28. Nf5 Kf8 29. Rd2 g6 30. Ne3 Rd4 31. e5 b4 32. axb4 Rxb4 33.
f3 Rb1+ 34. Kf2 Rb5 35. f4 g5 1/2-1/2

[Event "4NCL/Div3/3CS2 vs. WES2"]
[Site "West Bromwich ENG"]
[Date "2003.05.25"]
[Round "10.2"]
[White "Tunks, Dominic"]
[Black "Bentley, John L"]
[Result "1/2-1/2"]
[WhiteElo "2096"]
[BlackElo "2163"]
[PlyCount "56"]
[EventDate "2003.05.25"]

1. e4 c5 2. Nf3 g6 3. c3 Bg7 4. Bc4 d6 5. d3 Nf6 6. Nbd2 Nc6 7. a4 O-O 8. Ba2
e6 9. Nf1 d5 10. Ng3 dxe4 11. dxe4 Qxd1+ 12. Kxd1 b6 13. Bc4 Na5 14. Be2 Nb3
15. Ra3 Rd8+ 16. Kc2 Nxc1 17. Rxc1 Bb7 18. Bd3 c4 19. Bxc4 Nxe4 20. Rf1 Rac8
21. Be2 Nxg3 22. hxg3 e5 23. a5 e4 24. Nd2 Bh6 25. Nc4 b5 26. Ne3 a6 27. Raa1
f5 28. Rad1 Bg7 1/2-1/2

[Event "4NCL/Div3/3CS2 vs. WES2"]
[Site "West Bromwich ENG"]
[Date "2003.05.25"]
[Round "10.3"]
[White "Shaw, David A"]
[Black "Rutter, Nicholas"]
[Result "1-0"]
[WhiteElo "2178"]
[BlackElo "2120"]
[PlyCount "71"]
[EventDate "2003.05.25"]

1. e4 c5 2. Nf3 Nc6 3. d4 cxd4 4. Nxd4 Nf6 5. Nc3 e5 6. Ndb5 d6 7. Bg5 a6 8.
Na3 b5 9. Bxf6 gxf6 10. Nd5 f5 11. c3 Bg7 12. exf5 Bxf5 13. Nc2 O-O 14. Nce3
Be6 15. g3 Rb8 16. Bg2 f5 17. O-O Kh8 18. Qh5 Ne7 19. a4 Nxd5 20. Bxd5 Qf6 21.
axb5 axb5 22. Ra6 Bc8 23. Ra7 Qg6 24. Qxg6 hxg6 25. Rd1 Rd8 26. Nc2 Rd7 27. Ra5
Bf8 28. Nb4 Rc7 29. Rda1 Rb6 30. Ra8 Kg7 31. R1a7 Rxa7 32. Rxa7+ Kh6 33. Ra8
Bb7 34. Rxf8 Bxd5 35. Nxd5 Ra6 36. Rb8 1-0

[Event "4NCL/Div3/3CS2 vs. WES2"]
[Site "West Bromwich ENG"]
[Date "2003.05.25"]
[Round "10.4"]
[White "Clark, Ian C"]
[Black "Walton, Alan J"]
[Result "1/2-1/2"]
[WhiteElo "2113"]
[BlackElo "2138"]
[PlyCount "104"]
[EventDate "2003.05.25"]

1. e4 e6 2. d4 d5 3. Nc3 Nf6 4. Bg5 Be7 5. e5 Nfd7 6. Bxe7 Qxe7 7. f4 O-O 8.
Nf3 c5 9. Bd3 f6 10. O-O Nc6 11. exf6 Qxf6 12. dxc5 Nxc5 13. Ne5 Qh6 14. Ng4
Qh4 15. g3 Qe7 16. Re1 Nxd3 17. Qxd3 Qc5+ 18. Kg2 Bd7 19. a3 Rac8 20. Rad1 a6
21. Rd2 b5 22. Ne4 Qc4 23. Qxc4 bxc4 24. Nc5 Rf7 25. c3 h5 26. Nxd7 Rxd7 27.
Ne5 Rd6 28. Nxc4 Rdd8 29. Nb6 Rb8 30. Na4 Rd6 31. Nc5 Na5 32. b4 Nc4 33. Rde2
Nxa3 34. Rxe6 Rxe6 35. Rxe6 Nb5 36. Re3 d4 37. cxd4 Nxd4 38. Nxa6 Rb6 39. Rd3
Nc2 {=} 40. Rd8+ Kh7 41. Ra8 Nxb4 42. Nxb4 Rxb4 43. Ra5 Kh6 44. Kh3 Rb2 {=} 45.
Ra6+ Kh7 46. f5 Rf2 47. Ra5 Kh6 48. Rb5 g6 49. fxg6 Kxg6 50. Rb6+ Kg5 51. Rb8
Rc2 52. Rg8+ Kf6 1/2-1/2

[Event "4NCL/Div3/3CS2 vs. WES2"]
[Site "West Bromwich ENG"]
[Date "2003.05.25"]
[Round "10.5"]
[White "Adams, Phil"]
[Black "Gregory, Keith D"]
[Result "1-0"]
[WhiteElo "2056"]
[BlackElo "2032"]
[PlyCount "59"]
[EventDate "2003.05.25"]

1. e4 g6 2. d4 d6 3. Nc3 c6 4. Nf3 Bg7 5. Be3 b5 6. Bd3 a6 7. Qd2 Nd7 8. a4 Bb7
9. O-O Qc7 10. axb5 cxb5 11. Nd5 Qd8 12. Qa5 Rc8 13. Nb4 Nb8 14. Qxd8+ Kxd8 15.
c3 Bh6 16. Ng5 Bxg5 17. Bxg5 Nf6 18. f3 Nfd7 19. Be3 e6 20. Rfc1 Nb6 21. d5 Nc4
22. Bxc4 Rxc4 23. Ba7 Ke7 24. dxe6 fxe6 25. Bxb8 Rxb8 26. Nxa6 Rbc8 27. Nb4 d5
28. exd5 exd5 29. Ra7 Rxb4 30. Re1+ 1-0

[Event "4NCL/Div3/3CS2 vs. WES2"]
[Site "West Bromwich ENG"]
[Date "2003.05.25"]
[Round "10.6"]
[White "Pye, David E"]
[Black "English, Ray"]
[Result "1/2-1/2"]
[WhiteElo "2080"]
[BlackElo "2016"]
[PlyCount "100"]
[EventDate "2003.05.25"]

1. e4 Nf6 2. e5 Nd5 3. Nc3 e6 4. Nxd5 exd5 5. d4 d6 6. Nf3 Bg4 7. Be2 Be7 8.
O-O c6 9. Bf4 O-O 10. Re1 dxe5 11. Nxe5 Bxe2 12. Qxe2 Bf6 {=} 13. Qg4 Qc8 14.
Qxc8 Rxc8 15. Re3 h5 16. h4 Rd8 17. Rb3 b6 18. Re1 Re8 19. Rbe3 Re6 20. g3 Na6
21. Nd7 Rae8 22. Nxf6+ gxf6 23. c3 Kg7 24. Kg2 Kg6 25. Kf3 Kf5 26. Ke2 Nb8 27.
Bxb8 Rxb8 28. Kd3 Rbe8 29. Rf3+ Kg6 30. Ree3 R8e7 {=} 31. b3 b5 32. a3 a6 33.
c4 bxc4+ 34. bxc4 Rb7 35. cxd5 cxd5 36. Kc2 Rc7+ 37. Rc3 Re2+ 38. Kd3 Rxc3+ 39.
Kxc3 f5 40. Kb4 Rc2 41. Ka5 Rc6 42. a4 Rc4 43. Ra3 Rxd4 44. Kxa6 Rb4 45. Ka5
Rb2 46. f4 Kf6 47. Re3 Rb8 48. Re5 Ra8+ 49. Kb4 Rb8+ 50. Kc3 Ra8 1/2-1/2

[Event "4NCL/Div3/3CS2 vs. WES2"]
[Site "West Bromwich ENG"]
[Date "2003.05.25"]
[Round "10.7"]
[White "Plant, Paul"]
[Black "Marsh, Roger"]
[Result "1/2-1/2"]
[WhiteElo "2079"]
[BlackElo "2074"]
[PlyCount "77"]
[EventDate "2003.05.25"]

1. d4 d5 2. c4 e6 3. cxd5 exd5 4. Nc3 Nf6 5. Bg5 c6 6. e3 Nbd7 7. Bd3 Be7 8.
Nge2 Ne4 9. Bxe7 Nxc3 10. Bxd8 Nxd1 {=} 11. Rxd1 Kxd8 12. Nc3 Nf6 13. h3 g5 14.
h4 g4 15. g3 Be6 16. O-O h6 17. b4 a6 18. Rfe1 Kc7 19. Rc1 Kd6 20. Rc2 Rhc8 21.
Na4 Nd7 22. Nc5 Nxc5 23. bxc5+ Kc7 24. Rb1 Re8 25. Rcb2 Bc8 26. Rb6 Re7 {=} 27.
Kg2 Kd8 28. R1b2 Ke8 29. R6b3 Kf8 30. Be2 Kg7 31. Bd1 h5 32. f3 f5 33. Kf2 Kf6
34. Re2 Be6 35. Reb2 Bc8 36. Rb6 Ra7 37. Bb3 Kg7 38. Re2 Ra8 39. Bc2 1/2-1/2

[Event "4NCL/Div3/3CS2 vs. WES2"]
[Site "West Bromwich ENG"]
[Date "2003.05.25"]
[Round "10.8"]
[White "Norman, Dinah"]
[Black "Martin, Katie A"]
[Result "1/2-1/2"]
[WhiteElo "2021"]
[BlackElo "2013"]
[PlyCount "46"]
[EventDate "2003.05.25"]

1. d4 Nf6 2. Nf3 g6 3. Bg5 Bg7 4. Nbd2 d5 5. e3 O-O 6. Be2 b6 7. O-O Ba6 8. c3
Bxe2 9. Qxe2 e6 10. e4 Qc8 11. e5 Nfd7 12. Qe3 c5 13. Bh6 Nc6 14. Rac1 Ne7 15.
Bxg7 Kxg7 16. Qg5 Nf5 17. h4 Qd8 18. Qf4 Qe7 19. Rfe1 Rac8 20. Nf1 cxd4 21.
cxd4 Qb4 22. g4 Ne7 23. Rxc8 Nxc8 1/2-1/2

[Event "4NCL/Div3/SCS vs. SLO2"]
[Site "West Bromwich ENG"]
[Date "2003.05.25"]
[Round "10.1"]
[White "Greet, Andrew N"]
[Black "Payne, Oliver R"]
[Result "1-0"]
[WhiteElo "2282"]
[BlackElo "2029"]
[PlyCount "71"]
[EventDate "2003.05.25"]

1. d4 d6 2. e4 e5 3. dxe5 dxe5 4. Qxd8+ Kxd8 5. Bc4 Be6 6. Bxe6 fxe6 7. Be3 Nf6
8. f3 Bd6 9. Nd2 Nc6 10. c3 Ke7 11. Nh3 h6 12. Nf2 Nd7 13. Nd3 Kf7 14. Ke2 a6
15. a4 b5 16. b4 Rhb8 17. Ra2 Rc8 18. Rha1 Rab8 19. Nb3 Nd8 20. axb5 axb5 21.
Ra7 Nb6 22. Bc5 Kf6 23. Bxb6 cxb6 24. Kd2 Nb7 {=} 25. Kc2 Be7 26. Nd2 Nd6 27.
Nxe5 Kxe5 28. Rxe7 Nc4 29. Rxg7 Rg8 30. Rxg8 Rxg8 31. g3 Rd8 32. f4+ Kf6 33.
Nxc4 bxc4 34. Ra6 Rd3 35. Rxb6 Rf3 36. f5 1-0

[Event "4NCL/Div3/SCS vs. SLO2"]
[Site "West Bromwich ENG"]
[Date "2003.05.25"]
[Round "10.2"]
[White "Richardson, Alex"]
[Black "Dickinson, Timothy R"]
[Result "1/2-1/2"]
[WhiteElo "2098"]
[BlackElo "2188"]
[PlyCount "85"]
[EventDate "2003.05.25"]

1. Nf3 d5 2. c4 e6 3. g3 Nf6 4. b3 Be7 5. Bg2 Ne4 6. Bb2 Bf6 7. Qc1 O-O 8. O-O
Nd7 9. d3 Bxb2 10. Qxb2 Qf6 11. Qxf6 Nexf6 12. Nbd2 a5 13. a3 c5 14. b4 b6 15.
bxc5 Nxc5 16. Nd4 Bb7 17. Nb5 Rfd8 18. Rab1 Rab8 19. Rfc1 d4 20. Bxb7 Rxb7 21.
Nf3 e5 22. Nxe5 Re8 23. Nd6 Rxe5 24. Nxb7 Nxb7 25. Rxb6 Nc5 26. Rb5 Nfd7 27.
Kf1 a4 28. Rcb1 Re8 29. Rd1 g6 30. Rb4 Kg7 31. Rd2 Nb3 32. Rd1 Nbc5 33. Rb5 {=}
Re6 34. Rb4 Re5 35. Rb5 Re8 36. Rb4 Re6 37. Rb5 Re7 38. Rb4 Kh6 39. Rb5 Kg7 40.
Rb4 Re5 41. Rb5 Rh5 42. Kg2 Re5 43. Kf1 {3-fold repetition} 1/2-1/2

[Event "4NCL/Div3/SCS vs. SLO2"]
[Site "West Bromwich ENG"]
[Date "2003.05.25"]
[Round "10.3"]
[White "Heaton, Robert"]
[Black "Foster, James J"]
[Result "1-0"]
[WhiteElo "2132"]
[BlackElo "2081"]
[PlyCount "63"]
[EventDate "2003.05.25"]

1. e4 e6 2. d3 d5 3. Nd2 c5 4. g3 Nc6 5. Bg2 Nf6 6. f4 Be7 7. Ngf3 Qb6 8. c3
Bd7 9. O-O dxe4 10. dxe4 c4+ 11. Kh1 Qb5 12. Qe2 Ng4 13. h3 h5 14. Qxc4 Qb6 15.
hxg4 hxg4+ 16. Nh2 O-O-O 17. Qe2 Rxh2+ 18. Kxh2 Rh8+ 19. Bh3 f5 20. Rh1 gxh3
21. e5 g5 22. b4 g4 23. Nc4 Qc7 24. Be3 Kd8 25. Rhd1 Ke8 26. Nd6+ Bxd6 27. Rxd6
b6 28. Rad1 Bc8 29. Qc4 Bb7 30. Qxe6+ Kf8 31. Qf6+ Kg8 32. Qg6+ 1-0

[Event "4NCL/Div3/SCS vs. SLO2"]
[Site "West Bromwich ENG"]
[Date "2003.05.25"]
[Round "10.4"]
[White "Acey, Gerald"]
[Black "Lutton, E Josiah"]
[Result "1/2-1/2"]
[WhiteElo "2024"]
[BlackElo "2032"]
[PlyCount "110"]
[EventDate "2003.05.25"]

1. Nf3 b5 2. g3 Bb7 3. Bg2 e6 4. c3 Nf6 5. a4 bxa4 6. Qxa4 Be7 7. d3 O-O 8. e4
d6 9. O-O Nbd7 10. Re1 e5 11. Nbd2 Nb6 12. Qc2 Nfd7 13. Nf1 a5 14. d4 h6 15. h4
f6 16. Ne3 Kh8 17. Nf5 Kh7 18. Nh2 Rg8 19. Ng4 Bf8 20. Qe2 Qe8 21. h5 Nc8 22.
Bf3 Ne7 23. Nh4 Ba6 24. Qd1 Bc8 25. Ne3 Nb6 26. Bg4 g5 27. hxg6+ Nxg6 28. Bh5
exd4 29. Nxg6 dxe3 30. Nxf8+ Qxf8 31. Bxe3 Nc4 32. Qd5 Nxe3 33. Qxa8 Nc2 34.
Bf3 Nxe1 35. Rxe1 Rg5 36. Ra1 Qg8 37. Bg2 Rb5 38. Rxa5 Rxb2 39. Ra7 Rb1+ 40.
Kh2 Bb7 41. Qxg8+ Kxg8 42. g4 Kf8 43. e5 Bxg2 {=} 44. Kxg2 fxe5 45. Rxc7 Kg8
46. Kf3 Rd1 47. Ke4 Rd2 48. f3 Re2+ 49. Kd3 Rf2 50. Ke3 Rc2 51. c4 d5 52. Kd3
Rc1 53. Rc5 e4+ 54. fxe4 dxc4+ 55. Rxc4 Rg1 1/2-1/2

[Event "4NCL/Div3/SCS vs. SLO2"]
[Site "West Bromwich ENG"]
[Date "2003.05.25"]
[Round "10.5"]
[White "Partington, Anna G"]
[Black "Crichton, Martin"]
[Result "1/2-1/2"]
[WhiteElo "2058"]
[BlackElo "1991"]
[PlyCount "108"]
[EventDate "2003.05.25"]

1. d4 Nf6 2. Nf3 g6 3. Nc3 Bg7 4. e4 d6 5. Be3 a6 6. Qd2 Ng4 7. Bg5 h6 8. Bh4
Nc6 9. Bc4 g5 10. Bg3 e5 11. d5 Ne7 12. h4 f6 13. Be2 Ng6 14. Qd1 Qd7 15. Bd3
Qe7 16. Qe2 Rg8 17. h5 Nf4 18. Bxf4 exf4 19. Nd4 Ne5 20. O-O-O Bg4 21. f3 Bd7
22. Rde1 Kd8 23. Qd2 Re8 24. Nce2 Qf7 25. Kb1 f5 26. exf5 Nxd3 27. Qxd3 Qxd5
28. c4 Qe5 29. Qc2 c5 30. Ne6+ Bxe6 31. fxe6 Rxe6 32. Qd2 Qf5+ 33. Ka1 Kc7 34.
Nc3 Bxc3 35. Qxc3 Rae8 36. a3 R8e7 37. Rxe6 Qxe6 38. Rd1 Qe2 39. Rd2 Qe1+ 40.
Ka2 Qe6 41. Rd1 b6 42. Ka1 Qe2 43. Rd2 Qe3 44. Qc2 {=} Qe6 45. Qd3 Qe5 46. Ka2
Qe6 47. Ka1 b5 48. cxb5 axb5 49. Rd1 Kc6 50. Kb1 Ra7 51. Rd2 Qe1+ 52. Ka2 Qe6+
53. Kb1 Re7 54. Ka1 Qe1+ 1/2-1/2